[Event "La Fere op 11th"]
[Site "La Fere"]
[Date "2012.07.11"]
[Round "6"]
[White "Calonne, Pascal"]
[Black "Le Kouaghet, Euen"]
[Result "0-1"]
[WhiteElo "1558"]
[BlackElo "1920"]
[PlyCount "88"]
[EventDate "2012.07.07"]
[EventType "swiss"]
[EventRounds "9"]
[EventCountry "FRA"]
[SourceTitle "CBM 149 Extra"]
[Source "ChessBase"]
[SourceDate "2012.08.24"]
[SourceVersion "1"]
[SourceVersionDate "2012.08.24"]
[SourceQuality "1"]

1. Nf3 d5 2. c4 c6 3. b3 Nf6 4. Bb2 Bf5 5. g3 Qb6 6. cxd5 cxd5 7. Bg2 Nc6 8. 0-0 d4 9. d3 e5 10. Nbd2 Nd7 11. Rc1 Be7 12. Nc4 Qa6 13. a4 0-0 14. Ba3 f6 15. Bxe7 Nxe7 16. Nfd2 Be6 17. b4 Bd5 18. b5 Qe6 19. e4 dxe3 20. Nxe3 Bxg2 21. Kxg2 Rfc8 22. Qb3 Qxb3 23. Nxb3 Rxc1 24. Rxc1 Rc8 25. Rxc8+ Nxc8 26. a5 Nd6 27. a6 b6 28. Nd5 Nxb5 29. Kf3 Nb8 30. Nb4 Nc7 31. d4 Ncxa6 32. Nxa6 Nxa6 33. dxe5 fxe5 34. Ke4 Nc5+ 35. Nxc5 bxc5 36. Kd5 Kf7 37. f3 Kf6 38. h3 Kf5 39. Kxc5 e4 40. g4+ Kf4 41. fxe4 Kxe4 42. h4 Kf4 43. g5 Kg4 44. h5 Kxg5 0-1

[Event "FRA-chT2 North 0809"]
[Site "France"]
[Date "2008.12.14"]
[Round "4.7"]
[White "Delaruelle, Christian"]
[Black "Le Kouaghet, Euen"]
[Result "1/2-1/2"]
[WhiteElo "1918"]
[BlackElo "1930"]
[PlyCount "103"]
[EventDate "2008.10.19"]
[EventType "team-tourn"]
[EventRounds "11"]
[EventCountry "FRA"]
[SourceTitle "EXT 2010"]
[Source "ChessBase"]
[SourceDate "2010.11.25"]
[SourceVersion "1"]
[SourceVersionDate "2010.11.25"]
[SourceQuality "1"]
[WhiteTeam "Gonfreville II"]
[BlackTeam "Noyon II"]
[WhiteTeamCountry "FRA"]
[BlackTeamCountry "FRA"]

1. e4 c6 2. Nf3 d5 3. e5 Bf5 4. d4 e6 5. Be2 Nd7 6. 0-0 c5 7. c3 h6 8. Re1 Ne7 9. dxc5 Nc6 10. Nd4 Bg6 11. Bb5 Bxc5 12. Bxc6 bxc6 13. Nxc6 Qc7 14. Nd4 0-0 15. Bf4 Rab8 16. Nb3 Bb6 17. N1d2 a5 18. a4 Nc5 19. Be3 Nd3 20. Bxb6 Qxb6 21. Re3 Nxb2 22. Qe2 Rfc8 23. Rg3 Rc7 24. Nd4 Nc4 25. Nb5 Rc6 26. Nf3 Be4 27. Nfd4 Rcc8 28. Qg4 Bg6 29. Qe2 Qc5 30. h4 Qe7 31. h5 Bf5 32. Re1 Qh4 33. Nd6 Nxd6 34. exd6 Be4 35. Nb5 Rc4 36. Rg4 Bd3 37. Rxh4 Bxe2 38. Rxc4 Bxc4 39. Rb1 Kf8 40. f3 Rb6 41. Kf2 Bxb5 42. Rxb5 Rxd6 43. Ke3 Ra6 44. Rb7 Rc6 45. Kd4 f6 46. Rb8+ Kf7 47. Rb7+ Kg8 48. Rb8+ Kh7 49. Re8 Rc4+ 50. Kd3 e5 51. Rd8 Rc5 52. Rd7 1/2-1/2

[Event "FRA-ch opA"]
[Site "Reims"]
[Date "2004.04.22"]
[Round "6"]
[White "Azouit, Remi"]
[Black "Le Kouaghet, Euen"]
[Result "1-0"]
[WhiteElo "1850"]
[BlackElo "1670"]
[PlyCount "107"]
[EventDate "2004.04.??"]
[EventType "swiss"]
[EventRounds "9"]
[EventCountry "FRA"]
[SourceTitle "EXT 2005"]
[Source "ChessBase"]
[SourceDate "2004.11.15"]
[SourceVersion "1"]
[SourceVersionDate "2004.11.15"]
[SourceQuality "1"]

1. e4 e6 2. d4 d5 3. Nd2 Nf6 4. e5 Nfd7 5. f4 c5 6. c3 Nc6 7. Ndf3 Qb6 8. a3 c4 9. Ne2 Na5 10. Ng3 g6 11. Be2 Qb3 12. Qd2 Qb6 13. Qd1 Nb3 14. Rb1 a5 15. 0-0 a4 16. Be3 Qa5 17. Nd2 Bxa3 18. bxa3 Qxc3 19. Rf3 Nxd2 20. Bxd2 Qxd4+ 21. Be3 Qxd1+ 22. Bxd1 0-0 23. Rb4 Nb8 24. Rxa4 Rxa4 25. Bxa4 Bd7 26. Bc2 Nc6 27. Ne2 b5 28. Nd4 Rb8 29. Nxc6 Bxc6 30. Rf1 b4 31. axb4 Rxb4 32. Rb1 Rxb1+ 33. Bxb1 Kf8 34. Kf2 Ba4 35. Ke1 Ke8 36. Kd2 Kd7 37. Bc2 Bb5 38. Kc3 Ke7 39. g4 f6 40. h4 f5 41. g5 Kf7 42. Kb4 Bd7 43. Ba4 Bc8 44. Bd4 Ke7 45. Kc5 Bb7 46. Kb6 Bc8 47. Bb5 Bd7 48. Bxd7 Kxd7 49. Bc3 Kd8 50. Kc6 Ke7 51. Bd4 Ke8 52. Kd6 Kf7 53. Bc3 Kg7 54. Kxe6 1-0

[Event "FRA-chT3 North 0304"]
[Site "France"]
[Date "2004.04.04"]
[Round "9.8"]
[White "Vandervorst, Marc"]
[Black "Le Kouaghet, Euen"]
[Result "0-1"]
[WhiteElo "1800"]
[BlackElo "1670"]
[PlyCount "113"]
[EventDate "2003.11.??"]
[EventType "team"]
[EventRounds "9"]
[EventCountry "FRA"]
[SourceTitle "EXT 2006"]
[Source "ChessBase"]
[SourceDate "2005.11.24"]
[SourceVersion "1"]
[SourceVersionDate "2005.11.24"]
[SourceQuality "1"]
[WhiteTeam "Aulnoye"]
[BlackTeam "Noyon II"]
[WhiteTeamCountry "FRA"]
[BlackTeamCountry "FRA"]

1. e4 e6 2. d4 d5 3. Nc3 Nf6 4. e5 Nfd7 5. Nf3 c5 6. Bb5 Nc6 7. Bxc6 bxc6 8. 0-0 cxd4 9. Qxd4 Qc7 10. Re1 h6 11. Qf4 g5 12. Qg3 Ba6 13. b3 Bb4 14. Bb2 Nc5 15. Qh3 0-0-0 16. Nd4 Nd7 17. a3 Bc5 18. Na4 Be7 19. Rad1 Rdg8 20. Qf3 Rh7 21. Qe3 c5 22. Ne2 Rgh8 23. Nc1 h5 24. Na2 d4 25. Qd2 Nxe5 26. f3 g4 27. f4 Ng6 28. c3 Nxf4 29. cxd4 Nd3 30. Re4 Nxb2 31. Qxb2 Kb8 32. Rc1 Qb7 33. Re5 cxd4 34. Qxd4 Rd8 35. Qb2 Rhh8 36. Nc5 Bxc5+ 37. Rexc5 Qb6 38. Nb4 Bb7 39. Kh1 h4 40. Nc6+ Bxc6 41. Qc3 Bb7 42. a4 Rc8 43. Qe5+ Ka8 44. a5 Qd8 45. b4 Rxc5 46. Qxc5 h3 47. Kg1 hxg2 48. Qe5 Qb8 49. Rc7 Rc8 50. Rxc8 Qxc8 51. Qa1 a6 52. h3 gxh3 53. Kh2 e5 54. Qe1 Qg4 55. Qe3 g1B+ 56. Qxg1 Qxg1+ 57. Kxg1 0-1

[Event "FRA-chT3 North 0304"]
[Site "France"]
[Date "2004.03.14"]
[Round "7.5"]
[White "Vanacker, Stephane"]
[Black "Le Kouaghet, Euen"]
[Result "1/2-1/2"]
[WhiteElo "2089"]
[BlackElo "1670"]
[PlyCount "80"]
[EventDate "2003.11.??"]
[EventType "team"]
[EventRounds "9"]
[EventCountry "FRA"]
[SourceTitle "EXT 2006"]
[Source "ChessBase"]
[SourceDate "2005.11.24"]
[SourceVersion "1"]
[SourceVersionDate "2005.11.24"]
[SourceQuality "1"]
[WhiteTeam "Neuville en Ferrain"]
[BlackTeam "Noyon II"]
[WhiteTeamCountry "FRA"]
[BlackTeamCountry "FRA"]

1. d4 d5 2. Nf3 Nf6 3. Bg5 Nbd7 4. Nbd2 e6 5. e3 c5 6. c3 Be7 7. Bd3 c4 8. Bb1 b5 9. 0-0 Qb6 10. a3 a5 11. Qe2 Bb7 12. e4 dxe4 13. Nxe4 Nxe4 14. Bxe4 Bxg5 15. Nxg5 Nf6 16. f4 Nxe4 17. Nxe4 Rd8 18. Nc5 0-0 19. Rae1 Qc6 20. Rf3 Ba8 21. Rg3 Rd5 22. Qg4 g6 23. Ne4 f5 24. Qh5 fxe4 25. Rxg6+ Kh8 26. Qh6 Rf7 27. Rxe6 Qc8 28. R6xe4 Rd8 29. Re7 Rg8 30. g3 Qf8 31. Qh4 Bc6 32. Rxf7 Qxf7 33. Re7 Qg6 34. Kf2 Re8 35. Rxe8+ Bxe8 36. Qd8 Qc2+ 37. Kf3 Qd3+ 38. Kf2 Qd2+ 39. Kf3 Qd3+ 40. Kf2 Qd2+ 1/2-1/2

[Event "Agneaux St Lo op-B 08th"]
[Site "Agneaux"]
[Date "2004.02.15"]
[Round "2"]
[White "Bollard, Maxime"]
[Black "Le Kouaghet, Euen"]
[Result "1/2-1/2"]
[WhiteElo "1730"]
[BlackElo "1670"]
[PlyCount "79"]
[EventDate "2004.02.14"]
[EventType "swiss"]
[EventRounds "7"]
[EventCountry "FRA"]
[SourceTitle "EXT 2005"]
[Source "ChessBase"]
[SourceDate "2004.11.15"]
[SourceVersion "1"]
[SourceVersionDate "2004.11.15"]
[SourceQuality "1"]

1. d4 e6 2. c4 c5 3. d5 d6 4. e4 e5 5. Nc3 Nf6 6. Bg5 Be7 7. Nf3 Bg4 8. Bxf6 Bxf6 9. Be2 0-0 10. Qb3 b6 11. 0-0 Na6 12. Rfe1 Bd7 13. a3 Nc7 14. a4 Qe7 15. Nb5 Nxb5 16. axb5 Rfb8 17. Ra3 Rb7 18. Rea1 Bg4 19. Qc2 Bxf3 20. Bxf3 Bg5 21. b3 g6 22. Bg4 Qf6 23. Qe2 Qe7 24. R3a2 Rf8 25. Qc2 Ra8 26. Qe2 Rf8 27. Qd3 Rc7 28. Qh3 Kg7 29. Qf3 Rh8 30. Qd3 h5 31. Be2 Rf8 32. g3 h4 33. g4 Bf4 34. h3 g5 35. Qd1 Ra8 36. Ra4 Qd7 37. Ra6 Rb7 38. R1a2 Qc7 39. Qa1 Kg6 40. Kg2 1/2-1/2